| 000 | 01098nam a2200313 i 4500 | ||
|---|---|---|---|
| 003 | EG-GICUC | ||
| 005 | 20260121101447.0 | ||
| 008 | 251210s1946 fr ||||fr|||| 00| 0 fre d | ||
| 040 |
_aEG-GiCUC _bfre _cEG-GiCUC _dEG-GiCUC _eRda |
||
| 041 | _afre | ||
| 082 | 0 | 4 |
_221 _a341.3 _bBA . R |
| 092 | 0 | 4 | _221 |
| 099 | _aLaw1 11 341.3 BA . R 1946 | ||
| 100 | 1 |
_aBarraine, Raymond, _eAuteur |
|
| 245 | 1 | 3 |
_aLa réglementation des rapports internationaux et l’organisation des Nations unies / _cPar Raymond, Barraine. |
| 264 | 1 |
_aParis : _bLibrairie générale de droit et de jurisprudence, _c1946. |
|
| 300 |
_a319 page ; _c 24 cm. |
||
| 336 |
_2rda contenu _a texte |
||
| 337 |
_2rda medias _aOrdinateur |
||
| 338 |
_2 transporteur rda _a Ressource en ligne |
||
| 504 | _aBibliographic references | ||
| 546 | _aTexte en français | ||
| 650 | 1 | 4 |
_aRelations internationales _xDroit international public _2qrmak |
| 650 | 1 | 4 | _aOrganisation des Nations Unies |
| 651 | 1 | _2qrmak | |
| 856 | 4 | 0 | _uhttps://fll.law.cu.edu.eg/fulltext/bks/B11-05074.pdf |
| 905 |
_a75 _eHassnaa |
||
| 942 |
_2ddc _n0 _cBK _e21 |
||
| 999 |
_c49496 _d49496 |
||